Statistics for Ultimate Maths Quiz

Click here to take the quiz!

General Stats

  • This quiz has been taken 851 times
  • The average score is 9 of 16

Answer Stats

HintAnswer% Correct
82 x 9738
82%
4 x 167668
76%
21 x 31651
73%
19 x 27513
71%
361 x 72527
65%
31 x 14434
65%
19 x 18342
64%
17 x 16272
62%
41 x 632583
53%
69 x 694761
52%
51 x 341734
51%
18 x 34612
51%
97 x 313007
49%
54 x 613294
38%
43 x 472021
35%
979 x 13641,335,356
17%

Score Distribution

Percentile by Number Answered

Percent of People with Each Score

Your Score History

You have not taken this quiz